UBT Library

Financial statement analysis and security valuation / (Record no. 1291)

000 -LEADER
fixed length control field 00541nam a22001937a 4500
008 - FIXED-LENGTH DATA ELEMENTS--GENERAL INFORMATION
fixed length control field 151015b xxu||||| |||| 00| 0 eng d
020 ## - INTERNATIONAL STANDARD BOOK NUMBER
International Standard Book Number 9780073127132
020 ## - INTERNATIONAL STANDARD BOOK NUMBER
International Standard Book Number 0073127132 (alk. paper)
041 0# - LANGUAGE CODE
Language code of text/sound track or separate title eng
080 ## - UNIVERSAL DECIMAL CLASSIFICATION NUMBER
Universal Decimal Classification number 658.15
100 1# - Rafti
Rafti Penman, Stephen H.
245 10 - TITLE STATEMENT
Title Financial statement analysis and security valuation /
Statement of responsibility, etc Stephen H. Penman.
250 ## -
-- 3rd ed.
260 ## -
-- 2007
-- Boston :
-- McGraw-Hill Irwin,
300 ## -
-- xxiv, 776 f. :
-- me il ;
-- 27 cm.
650 ## -
-- Financa
650 ## -
-- Investime
942 ## - ADDED ENTRY ELEMENTS (KOHA)
Source of classification or shelving scheme
Item type Books
Holdings
Withdrawn status Lost status Source of classification or shelving scheme Damaged status Not for loan Collection code Permanent location Current location Shelving location Date acquired Total Checkouts Full call number Barcode Date last seen Koha item type
          Koleksioni i përgjithshem UBT - Lipjan UBT - Lipjan Koleksioni i përgjithshem 10/22/2015   658.15 PEN 002-008738 10/22/2015 Books
UBT Library © 2015-2024. All rights reserved University Education for Business and Technology